[Event "GER-chT U20 Girls"]
[Site "Naumburg Saale"]
[Date "2014.12.28"]
[Round "3.3"]
[White "Neisius, Laura Maria"]
[Black "Bajorski, Maria Sophie"]
[Result "0-1"]
[WhiteElo "1372"]
[BlackElo "1511"]
[PlyCount "97"]
[EventDate "2014.12.27"]
[EventType "team-swiss"]
[EventRounds "7"]
[EventCountry "GER"]
[SourceTitle "EXT 2016"]
[Source "ChessBase"]
[SourceDate "2015.10.08"]
[SourceVersion "1"]
[SourceVersionDate "2015.10.08"]
[SourceQuality "1"]
[WhiteTeam "Hattersheim"]
[BlackTeam "Freiburg Zaehringen"]
[WhiteTeamCountry "GER"]
[BlackTeamCountry "GER"]

1. e4 e5 2. Nf3 Nc6 3. Bb5 a6 4. Bxc6 dxc6 5. d4 exd4 6. Qxd4 Qxd4 7. Nxd4 Bc5 8. Be3 Bb6 9. Nd2 Nf6 10. h3 Bd7 11. c3 h6 12. 0-0 0-0-0 13. Rfe1 Rhe8 14. f3 Kb8 15. b4 Bc8 16. Nc4 Ba7 17. Rab1 Nd7 18. a4 Ne5 19. Na5 Rd6 20. b5 cxb5 21. axb5 axb5 22. Rxb5 b6 23. Bf4 f6 24. Nac6+ Kb7 25. Nxe5 fxe5 26. Bxe5 Rg6 27. g4 c6 28. Rb2 Rxe5 29. Kg2 Rc5 30. Rc2 h5 31. Nf5 Bxf5 32. exf5 Rxf5 33. Re7+ Ka6 34. Ra2+ Ra5 35. Rxa7+ Kxa7 36. Rc2 hxg4 37. hxg4 Rc5 38. Ra2+ Kb7 39. Ra3 Rd6 40. Kg3 Rd3 41. Kf4 Rdxc3 42. Rxc3 Rxc3 43. Ke4 Rc5 44. f4 Kc7 45. g5 Kd7 46. f5 Ke7 47. Kf4 Kf7 48. Ke4 Rd5 49. Kf4 0-1

[Event "GER-chT U18 Girls"]
[Site "Germany"]
[Date "2012.05.04"]
[Round "3.4"]
[White "Bajorski, Maria Sophie"]
[Black "Mehling, Theresa"]
[Result "1-0"]
[WhiteElo "1455"]
[BlackElo "815"]
[PlyCount "85"]
[EventDate "2012.05.04"]
[EventType "team-swiss"]
[EventRounds "7"]
[EventCountry "GER"]
[SourceTitle "EXT 2014"]
[Source "ChessBase"]
[SourceDate "2013.11.20"]
[SourceVersion "1"]
[SourceVersionDate "2013.11.20"]
[SourceQuality "1"]
[WhiteTeam "Limburg Mariens (W)"]
[BlackTeam "Karlstadt JSG (W)"]
[WhiteTeamCountry "GER"]
[BlackTeamCountry "GER"]

1. e4 e5 2. Nf3 Nc6 3. Bc4 Nf6 4. d3 Bc5 5. 0-0 d6 6. h3 Bd7 7. Nc3 h6 8. Bd2 Qe7 9. Re1 0-0-0 10. a3 Rhg8 11. b4 Bb6 12. Nd5 Nxd5 13. Bxd5 Nd4 14. Nxd4 Bxd4 15. c3 Bb6 16. a4 c6 17. Bc4 g5 18. b5 h5 19. a5 cxb5 20. axb6 Kb8 21. bxa7+ Ka8 22. Bd5 g4 23. Kh2 Qh4 24. Re2 gxh3 25. g3 Qg4 26. Re3 Qg5 27. Rf3 Qg6 28. Bxf7 Qh7 29. Bxg8 Rxg8 30. Rf6 Qe7 31. Rh6 h4 32. Rxh4 Rf8 33. Be1 Rf7 34. Rh8+ Rf8 35. Rxf8+ Qxf8 36. Qb3 Qc8 37. c4 b6 38. cxb5 Be6 39. Qb4 Bd7 40. Qxd6 Bxb5 41. Qxe5 Bxd3 42. Qd5+ Qc6 43. Qxc6# 1-0

[Event "GER-chT U18 Girls"]
[Site "Germany"]
[Date "2011.05.14"]
[Round "6.3"]
[White "Steffens, Skrolan"]
[Black "Bajorski, Maria Sophie"]
[Result "0-1"]
[WhiteElo "1353"]
[BlackElo "1455"]
[PlyCount "152"]
[EventDate "2011.05.13"]
[EventType "team-swiss"]
[EventRounds "7"]
[EventCountry "GER"]
[SourceTitle "EXT 2012"]
[Source "ChessBase"]
[SourceDate "2011.11.24"]
[SourceVersion "1"]
[SourceVersionDate "2011.11.24"]
[SourceQuality "1"]
[WhiteTeam "Stade Athenaeum (W)"]
[BlackTeam "Limburg Mariens (W)"]
[WhiteTeamCountry "GER"]
[BlackTeamCountry "GER"]

1. e4 e5 2. Nf3 Nc6 3. Bc4 Nf6 4. d3 Bc5 5. c3 Bb6 6. 0-0 d6 7. b4 Bg4 8. a4 a6 9. Nbd2 0-0 10. Qb3 Qd7 11. Bb2 Rad8 12. a5 Ba7 13. b5 axb5 14. Bxb5 Be6 15. c4 Qe7 16. a6 Nd4 17. Nxd4 Bxd4 18. Bxd4 exd4 19. axb7 Nd7 20. Ra7 Rb8 21. Bc6 Nb6 22. Nf3 Qf6 23. Qb2 Qg6 24. Nxd4 Bh3 25. f3 Qg5 26. Re1 h6 27. Nb5 Be6 28. Nxc7 Qc5+ 29. Kf1 Qxc6 30. Nxe6 fxe6 31. Rb1 Nd7 32. Qb5 Qxb5 33. Rxb5 Nc5 34. d4 Nxe4 35. Ke1 Nf6 36. c5 dxc5 37. dxc5 Nd5 38. c6 Nc7 39. Rc5 Kf7 40. Rc2 Ke7 41. Kd2 Kd6 42. Kc1 Nd5 43. Ra4 Kc7 44. Rg4 Rf7 45. Rg6 Re7 46. Kd2 Nb4 47. Rc4 Nxc6 48. Rcg4 Rd7+ 49. Ke2 Ne5 50. Rxg7 Nxg4 51. Rxd7+ Kxd7 52. fxg4 Rxb7 53. Kf3 Ke7 54. Kf4 Rb4+ 55. Kg3 Kf6 56. h4 e5 57. Kf3 Rf4+ 58. Ke3 Rxg4 59. Kf3 Rxh4 60. g3 Rh1 61. g4 Kg5 62. Ke4 Re1+ 63. Kf3 h5 64. gxh5 Kxh5 65. Kf2 Ra1 66. Ke3 Ra4 67. Kf3 Kg5 68. Ke3 Kf5 69. Kf3 Ra3+ 70. Ke2 Kf4 71. Kf2 Ra2+ 72. Ke1 Kf3 73. Kd1 Ke3 74. Kc1 Kd3 75. Kb1 Rh2 76. Kc1 e4 0-1

[Event "GER-chT U18 Girls"]
[Site "Germany"]
[Date "2011.05.13"]
[Round "2.2"]
[White "Efinger, Leila"]
[Black "Bajorski, Maria Sophie"]
[Result "0-1"]
[WhiteElo "1069"]
[BlackElo "1455"]
[PlyCount "56"]
[EventDate "2011.05.13"]
[EventType "team-swiss"]
[EventRounds "7"]
[EventCountry "GER"]
[SourceTitle "EXT 2012"]
[Source "ChessBase"]
[SourceDate "2011.11.24"]
[SourceVersion "1"]
[SourceVersionDate "2011.11.24"]
[SourceQuality "1"]
[WhiteTeam "Gonsenheim Gymn (W)"]
[BlackTeam "Limburg Mariens (W)"]
[WhiteTeamCountry "GER"]
[BlackTeamCountry "GER"]

1. d4 d5 2. Bf4 Bf5 3. e3 e6 4. Nf3 c5 5. c3 Nc6 6. Nbd2 Nf6 7. Ne5 Bd6 8. Ndf3 0-0 9. Qd2 cxd4 10. exd4 Qc7 11. Bd3 Bxd3 12. Qxd3 Ne4 13. Qe2 Nxe5 14. Nxe5 f6 15. f3 fxe5 16. dxe5 Rxf4 17. exd6 Qxd6 18. 0-0 Nc5 19. Rad1 Qb6 20. Rfe1 Nd3+ 21. Kf1 Nxe1 22. Rxe1 Re8 23. b4 Rc4 24. Qd3 Qc6 25. Re3 Qa6 26. Qe2 Rc6 27. Kg1 Qxe2 28. Rxe2 Rxc3 0-1

[Event "GER-chT U14 Girls"]
[Site "Gross Doelln"]
[Date "2010.12.28"]
[Round "4.1"]
[White "Bajorski, Maria Sophie"]
[Black "Hoeschen, Franziska"]
[Result "1-0"]
[WhiteElo "1357"]
[BlackElo "1306"]
[PlyCount "97"]
[EventDate "2010.12.27"]
[EventType "team-swiss"]
[EventRounds "7"]
[EventCountry "GER"]
[SourceTitle "CBM 140 Extra"]
[Source "ChessBase"]
[SourceDate "2011.03.01"]
[SourceVersion "1"]
[SourceVersionDate "2011.03.01"]
[SourceQuality "1"]
[WhiteTeam "Freiburg Zaehringen"]
[BlackTeam "Paderborn"]
[WhiteTeamCountry "GER"]
[BlackTeamCountry "GER"]

1. e4 c5 2. Nf3 Nc6 3. d4 cxd4 4. Nxd4 g6 5. Nc3 Bg7 6. Nb3 Nf6 7. Be2 0-0 8. 0-0 d6 9. Be3 Bd7 10. Qd2 Re8 11. Bh6 Bh8 12. Rad1 Bg4 13. f3 Qb6+ 14. Be3 Qc7 15. fxg4 Nd7 16. Bb5 Nde5 17. Qf2 a6 18. Bxc6 Qxc6 19. Bd4 Rf8 20. Nd5 Rae8 21. Qe2 Qc8 22. h3 Bg7 23. a3 Qd8 24. h4 e6 25. Nb6 Qxh4 26. Bf2 Qd8 27. a4 Qc7 28. a5 Rd8 29. Bh4 f6 30. Nd4 Qe7 31. Nc4 Nc6 32. Nxc6 bxc6 33. Nb6 Qa7 34. Qc4 Rde8 35. Rxd6 Rf7 36. Rxe6 Rxe6 37. Qxe6 h6 38. Bxf6 Kh7 39. Bxg7 Rxf1+ 40. Kxf1 Qxg7 41. Qd7 g5 42. Qxg7+ Kxg7 43. Nd7 Kf7 44. Nb8 Ke7 45. Nxa6 Kd7 46. Nc5+ Kc7 47. b4 Kd6 48. a6 Kc7 49. e5 1-0

[Event "GER-ch Schools U18 Girls"]
[Site "Germany"]
[Date "2010.05.08"]
[Round "6.1"]
[White "Bajorski, Maria Sophie"]
[Black "Stitterich, Nadine"]
[Result "0-1"]
[WhiteElo "1347"]
[BlackElo "1974"]
[PlyCount "111"]
[EventDate "2010.05.07"]
[EventType "team-swiss"]
[EventRounds "7"]
[EventCountry "GER"]
[SourceTitle "EXT 2011"]
[Source "ChessBase"]
[SourceDate "2010.11.26"]
[SourceVersion "1"]
[SourceVersionDate "2010.11.26"]
[SourceQuality "1"]
[WhiteTeam "Limburg Mariens (W)"]
[BlackTeam "Stuttgart SG (W)"]
[WhiteTeamCountry "GER"]
[BlackTeamCountry "GER"]

1. e4 c5 2. Nf3 e6 3. d4 cxd4 4. Nxd4 Nc6 5. Nc3 Qc7 6. Be2 a6 7. 0-0 Nf6 8. Be3 Bb4 9. f3 Ne5 10. Qe1 d6 11. Rd1 0-0 12. Nb3 b5 13. a3 Bxc3 14. Qxc3 Qxc3 15. bxc3 d5 16. Bd4 Ned7 17. exd5 Nxd5 18. c4 Nf4 19. Bd3 Nxd3 20. cxd3 e5 21. Bf2 Rd8 22. Rfe1 f6 23. Re2 Nf8 24. Red2 Be6 25. h3 bxc4 26. dxc4 Rxd2 27. Nxd2 Rd8 28. c5 Bf5 29. Be3 Ne6 30. Rc1 Rd3 31. Kf2 Nd4 32. c6 Bc8 33. a4 Nf5 34. Nc4 Nxe3 35. Nxe3 Rd2+ 36. Ke1 Rd4 37. Ra1 Kf7 38. Nc2 Rc4 39. Ne3 Rxc6 40. Kd2 Be6 41. a5 f5 42. Nc2 Kf6 43. g3 Bc4 44. Nb4 Rd6+ 45. Ke3 Bb5 46. Rc1 Rd4 47. Rb1 Ke6 48. Rb3 g5 49. Nc2 f4+ 50. gxf4 gxf4+ 51. Kf2 Rd2+ 52. Ke1 Rxc2 53. Kd1 Kd5 54. Kxc2 Ba4 55. Kc3 Bxb3 56. Kxb3 0-1

[Event "GER-ch Schools U18 Girls"]
[Site "Germany"]
[Date "2010.05.08"]
[Round "5.1"]
[White "Evers, Annika"]
[Black "Bajorski, Maria Sophie"]
[Result "1-0"]
[WhiteElo "1695"]
[BlackElo "1347"]
[PlyCount "41"]
[EventDate "2010.05.07"]
[EventType "team-swiss"]
[EventRounds "7"]
[EventCountry "GER"]
[SourceTitle "EXT 2011"]
[Source "ChessBase"]
[SourceDate "2010.11.26"]
[SourceVersion "1"]
[SourceVersionDate "2010.11.26"]
[SourceQuality "1"]
[WhiteTeam "Stade Athenaeum (W)"]
[BlackTeam "Limburg Mariens (W)"]
[WhiteTeamCountry "GER"]
[BlackTeamCountry "GER"]

1. e4 e5 2. Nf3 Nc6 3. Bc4 Nf6 4. d3 Bc5 5. c3 Bb6 6. Nbd2 0-0 7. 0-0 d6 8. Re1 Bg4 9. h3 Bh5 10. Nf1 h6 11. Ng3 Bg6 12. Nh4 Bh7 13. Nhf5 d5 14. exd5 Nxd5 15. Qg4 Bg6 16. Nh5 Nf6 17. Qxg6 Nxh5 18. Nxh6+ Kh8 19. Nxf7+ Rxf7 20. Qxh5+ Kg8 21. Qxf7+ 1-0

[Event "GER-ch U12"]
[Site "Willingen"]
[Date "2009.06.03"]
[Round "6"]
[White "Bajorski, Maria Sophie"]
[Black "Rahimi, Anita"]
[Result "0-1"]
[WhiteElo "1485"]
[BlackElo "1290"]
[PlyCount "90"]
[EventDate "2009.05.30"]
[EventType "swiss"]
[EventRounds "11"]
[EventCountry "GER"]
[SourceTitle "EXT 2010"]
[Source "ChessBase"]
[SourceDate "2010.11.25"]
[SourceVersion "1"]
[SourceVersionDate "2010.11.25"]
[SourceQuality "1"]

1. e4 c5 2. Nf3 d6 3. d4 cxd4 4. Nxd4 Nc6 5. Nc3 e6 6. Bc4 a6 7. Bb3 Nf6 8. f4 Qc7 9. Be3 Be7 10. Qf3 Bd7 11. Qg3 g6 12. 0-0-0 b5 13. Qf3 b4 14. Nce2 Nxd4 15. Rxd4 a5 16. e5 Nd5 17. Bxd5 exd5 18. Qxd5 Rc8 19. c3 dxe5 20. fxe5 Be6 21. Qb5+ Qc6 22. Qxc6+ Rxc6 23. Rhd1 0-0 24. Kb1 Bf5+ 25. Ka1 h5 26. Rd5 Bg4 27. R1d2 Rfc8 28. Rxa5 Bxe2 29. Rxe2 bxc3 30. bxc3 Rxc3 31. Kb2 Bb4 32. Ra4 Be7 33. Bd4 R3c6 34. Rf2 Rb8+ 35. Rb4 Rxb4+ 36. Ka3 Rxd4+ 37. Kb3 Rb4+ 38. Ka3 Rf4+ 39. Kb3 Rxf2 40. a4 Rf1 41. a5 Rb1+ 42. Ka4 Rc8 43. e6 fxe6 44. g4 Rcb8 45. gxh5 Ra1# 0-1

[Event "GER-ch U12"]
[Site "Willingen"]
[Date "2009.06.01"]
[Round "3"]
[White "Koch, Elisabeth"]
[Black "Bajorski, Maria Sophie"]
[Result "0-1"]
[WhiteElo "1301"]
[BlackElo "1485"]
[PlyCount "84"]
[EventDate "2009.05.30"]
[EventType "swiss"]
[EventRounds "11"]
[EventCountry "GER"]
[SourceTitle "EXT 2010"]
[Source "ChessBase"]
[SourceDate "2010.11.25"]
[SourceVersion "1"]
[SourceVersionDate "2010.11.25"]
[SourceQuality "1"]

1. e4 e5 2. Nf3 Nc6 3. Bc4 Nf6 4. Ng5 d5 5. exd5 Na5 6. Bb5+ c6 7. dxc6 bxc6 8. Be2 h6 9. Nf3 e4 10. Ne5 Bc5 11. c3 Qc7 12. d4 exd3 13. Nxd3 Bd6 14. Be3 0-0 15. Nd2 Bf5 16. Nf3 Rad8 17. 0-0 c5 18. Kh1 Be7 19. b3 c4 20. bxc4 Nxc4 21. Bd4 Ng4 22. h3 Nf6 23. Qb3 Rfe8 24. Rfe1 Na5 25. Qa4 Nc6 26. Rad1 Ne4 27. Nd2 Nxd4 28. cxd4 Qb6 29. Nb3 Nc3 30. Qc4 Nxd1 31. Bh5 Qf6 32. Ne5 Be6 33. Qc2 Bxb3 34. axb3 Nxf2+ 35. Kg1 g6 36. Bf3 Nxh3+ 37. gxh3 Rxd4 38. Nc6 Rd7 39. Rf1 Qg5+ 40. Kh1 Rd2 41. Qc4 Bd6 42. Rg1 Rh2# 0-1

[Event "GER-ch Schools U18 Girls"]
[Site "Germany"]
[Date "2009.05.17"]
[Round "5.1"]
[White "Bajorski, Maria Sophie"]
[Black "Raab, Helen"]
[Result "0-1"]
[WhiteElo "1270"]
[BlackElo "1587"]
[PlyCount "86"]
[EventDate "2009.05.16"]
[EventType "team-swiss"]
[EventRounds "7"]
[EventCountry "GER"]
[SourceTitle "EXT 2011"]
[Source "ChessBase"]
[SourceDate "2010.11.26"]
[SourceVersion "1"]
[SourceVersionDate "2010.11.26"]
[SourceQuality "1"]
[WhiteTeam "Limburg Mariens (W)"]
[BlackTeam "Mainz Gymn (W)"]
[WhiteTeamCountry "GER"]
[BlackTeamCountry "GER"]

1. e4 e6 2. Nf3 d5 3. Nc3 Nf6 4. e5 Nfd7 5. d4 c5 6. dxc5 Bxc5 7. Bd3 Nc6 8. Bf4 Qb6 9. 0-0 Qxb2 10. Nb5 Ke7 11. Bd2 d4 12. Qe2 a6 13. Rfb1 Qxb1+ 14. Rxb1 axb5 15. Rb2 b4 16. Bb5 Rd8 17. Bxc6 bxc6 18. Bxb4 Bxb4 19. Rxb4 Rxa2 20. h3 Ba6 21. Qe4 c5 22. Rb1 h6 23. Qh4+ Ke8 24. Rc1 Bb7 25. Qg3 Kf8 26. Ne1 c4 27. f4 Nc5 28. Rd1 Be4 29. c3 d3 30. Qe3 Rc8 31. Rb1 d2 32. Rd1 dxe1Q+ 33. Qxe1 Rxg2+ 34. Kf1 Rh2 35. Qg3 Rh1+ 36. Ke2 Bd3+ 37. Ke3 Rxd1 38. Qf3 Re1+ 39. Kd2 Re2+ 40. Kd1 Rb8 41. Qe3 Rxe3 42. f5 Rb1+ 43. Kd2 Re2# 0-1

[Event "GER-ch Schools U18 Girls"]
[Site "Germany"]
[Date "2009.05.16"]
[Round "1.1"]
[White "Bajorski, Maria Sophie"]
[Black "Morawiak, Vivien"]
[Result "1-0"]
[WhiteElo "1270"]
[BlackElo "800"]
[PlyCount "101"]
[EventDate "2009.05.16"]
[EventType "team-swiss"]
[EventRounds "7"]
[EventCountry "GER"]
[SourceTitle "EXT 2011"]
[Source "ChessBase"]
[SourceDate "2010.11.26"]
[SourceVersion "1"]
[SourceVersionDate "2010.11.26"]
[SourceQuality "1"]
[WhiteTeam "Limburg Mariens (W)"]
[BlackTeam "St Marien (W)"]
[WhiteTeamCountry "GER"]
[BlackTeamCountry "GER"]

1. e4 e5 2. Nf3 d6 3. Bc4 Qd7 4. 0-0 Nf6 5. d4 Nxe4 6. dxe5 Nc6 7. Qd3 Qf5 8. exd6 cxd6 9. Re1 Ne5 10. Qxe4 Qxe4 11. Rxe4 Bf5 12. Re2 f6 13. Nd4 Bg6 14. f4 Rc8 15. Bb5+ Kf7 16. fxe5 dxe5 17. Ba4 Bc5 18. b4 Bxd4+ 19. Kh1 Bxa1 20. Bb3+ Ke7 21. Rd2 Bd4 22. b5 Be3 23. Ba3+ Ke8 24. Re2 Rd8 25. Nc3 Bd4 26. Nd5 Bf7 27. c4 a5 28. bxa6 bxa6 29. Ba4+ Rd7 30. Bxd7+ Kxd7 31. Re1 Rb8 32. h3 Bb2 33. Bc5 Bg6 34. Rd1 Be4 35. Nxf6+ Ke6 36. Nxe4 Ba3 37. Bxa3 Kf5 38. Nd6+ Kf4 39. Rd3 e4 40. Rd1 e3 41. Rd4+ Ke5 42. Re4+ Kf6 43. Rxe3 Rb1+ 44. Kh2 Ra1 45. Bb2+ Kg6 46. Bxa1 Kg5 47. g3 h5 48. Re6 g6 49. Bf6+ Kh6 50. Re8 a5 51. Rh8# 1-0

[Event "Main Vogelsberg op 4th"]
[Site "Heusenstamm"]
[Date "2009.05.03"]
[Round "6"]
[White "Bajorski, Maria Sophie"]
[Black "Dyga, Ryszard Adam"]
[Result "1/2-1/2"]
[WhiteElo "1340"]
[BlackElo "1629"]
[PlyCount "61"]
[EventDate "2009.04.30"]
[EventType "swiss"]
[EventRounds "7"]
[EventCountry "GER"]
[SourceTitle "CBM 130 Extra"]
[Source "ChessBase"]
[SourceDate "2009.07.02"]
[SourceVersion "2"]
[SourceVersionDate "2009.07.15"]
[SourceQuality "1"]

1. e4 e5 2. Nf3 Nc6 3. Bc4 Nf6 4. d4 exd4 5. 0-0 d6 6. Ng5 Ne5 7. Bb3 h6 8. Nf3 Bg4 9. Nbd2 Qd7 10. Nxe5 dxe5 11. f3 Be6 12. Nc4 Bxc4 13. Bxc4 Bc5 14. Kh1 0-0-0 15. Qd3 a6 16. b4 Bxb4 17. Qb3 Ba5 18. Bxf7 Qb5 19. Qxb5 axb5 20. Rb1 c6 21. Ba3 Kc7 22. Rf2 Rd7 23. Be6 Rdd8 24. Re2 d3 25. cxd3 Rxd3 26. Bb2 Kd6 27. Bb3 Ke7 28. Bxe5 Rhd8 29. Bg3 Bc3 30. h3 b4 31. e5 1/2-1/2

[Event "Main Vogelsberg op 4th"]
[Site "Heusenstamm"]
[Date "2009.05.02"]
[Round "5"]
[White "Nell, Stefan"]
[Black "Bajorski, Maria Sophie"]
[Result "0-1"]
[WhiteElo "795"]
[BlackElo "1340"]
[PlyCount "114"]
[EventDate "2009.04.30"]
[EventType "swiss"]
[EventRounds "7"]
[EventCountry "GER"]
[SourceTitle "CBM 130 Extra"]
[Source "ChessBase"]
[SourceDate "2009.07.02"]
[SourceVersion "2"]
[SourceVersionDate "2009.07.15"]
[SourceQuality "1"]

1. e4 e5 2. Nf3 Nc6 3. Bb5 a6 4. Ba4 b5 5. Bb3 Bc5 6. 0-0 Nf6 7. Re1 0-0 8. c3 Bb6 9. d4 d6 10. Bg5 h6 11. Bc1 Bb7 12. Qd3 Re8 13. Nbd2 Re7 14. Nf1 Na5 15. Ng3 Nxb3 16. axb3 Qe8 17. Nd2 d5 18. b4 exd4 19. cxd4 dxe4 20. Qc3 Rd8 21. Nf5 Red7 22. Nb3 Qe6 23. Nc5 Bxc5 24. Qxc5 Bd5 25. Ne3 Bc4 26. Nxc4 Qxc4 27. Qxc4 bxc4 28. Be3 Rd6 29. h3 Nd5 30. Ra4 Ne7 31. Rd1 Nf5 32. Kh2 Nxd4 33. Bxd4 Rxd4 34. Rxd4 Rxd4 35. Rxa6 Rd2 36. Ra8+ Kh7 37. Re8 Rxb2 38. Rxe4 Rxb4 39. Kg3 Rb3+ 40. Kh2 Rc3 41. g3 Kg6 42. Rf4 Rc1 43. Kg2 c3 44. Kf3 c2 45. Rc4 Kf5 46. Rxc7 f6 47. h4 g5 48. Rc5+ Ke6 49. hxg5 hxg5 50. Ke2 f5 51. Rc3 Kd5 52. Kd2 Rf1 53. Rd3+ Ke4 54. Re3+ Kd5 55. Rf3 c1Q+ 56. Ke2 Qd1+ 57. Ke3 Re1# 0-1

[Event "GER-ch U12"]
[Site "Willingen"]
[Date "2008.05.16"]
[Round "10"]
[White "Bajorski, Maria Sophie"]
[Black "Helle, Samuel"]
[Result "0-1"]
[WhiteElo "1211"]
[BlackElo "1438"]
[PlyCount "92"]
[EventDate "2008.05.11"]
[EventType "swiss"]
[EventRounds "11"]
[EventCountry "GER"]
[SourceTitle "CBM 124 Extra"]
[Source "ChessBase"]
[SourceDate "2008.07.03"]
[SourceVersion "1"]
[SourceVersionDate "2008.07.03"]
[SourceQuality "1"]

1. e4 d5 2. exd5 Nf6 3. Nf3 Nxd5 4. d4 Bg4 5. c4 Nb6 6. h3 Bxf3 7. Qxf3 Nc6 8. d5 Ne5 9. Qe4 Ned7 10. Bd3 Nc5 11. Qe2 c6 12. Nc3 Nxd3+ 13. Qxd3 e6 14. 0-0 cxd5 15. cxd5 Nxd5 16. Qb5+ Qd7 17. Qxd7+ Kxd7 18. Rd1 Kc6 19. Nxd5 exd5 20. Bg5 f6 21. Rac1+ Kd6 22. Bf4+ Ke6 23. Rc7 Rb8 24. g4 Bd6 25. Re1+ Be5 26. Rxg7 Kd6 27. Bxe5+ fxe5 28. f4 e4 29. Kf2 b6 30. Rxa7 Ra8 31. Rxa8 Rxa8 32. a3 Rc8 33. Re2 Re8 34. Ke3 Rc8 35. f5 Ke5 36. Rd2 Rc4 37. Rf2 d4+ 38. Ke2 e3 39. Rf1 Ke4 40. Re1 d3+ 41. Kf1 d2 42. f6 dxe1Q+ 43. Kxe1 Kd3 44. Kf1 Rf4+ 45. Ke1 e2 46. f7 Rf1# 0-1

[Event "GER-ch U12"]
[Site "Willingen"]
[Date "2008.05.16"]
[Round "9"]
[White "Neumann, Florian"]
[Black "Bajorski, Maria Sophie"]
[Result "0-1"]
[WhiteElo "1350"]
[BlackElo "1211"]
[PlyCount "118"]
[EventDate "2008.05.11"]
[EventType "swiss"]
[EventRounds "11"]
[EventCountry "GER"]
[SourceTitle "CBM 124 Extra"]
[Source "ChessBase"]
[SourceDate "2008.07.03"]
[SourceVersion "1"]
[SourceVersionDate "2008.07.03"]
[SourceQuality "1"]

1. e4 e5 2. Bc4 Nf6 3. d3 Nc6 4. Nf3 Be7 5. Bb3 d5 6. exd5 Nxd5 7. Qe2 Bf6 8. d4 Bg4 9. h3 Nxd4 10. Qe4 Bxf3 11. gxf3 Nxb3 12. axb3 0-0 13. Rg1 c6 14. Bh6 Kh8 15. Bd2 Re8 16. Ra4 Nf4 17. Kf1 Qb6 18. Be3 Qc7 19. Nc3 a6 20. Ra1 Rad8 21. Re1 Re7 22. Bc5 Red7 23. Be3 g6 24. Bxf4 exf4 25. Rg4 Rd4 26. Qe2 Qb6 27. Rg2 Bh4 28. Qe5+ Kg8 29. Re2 R4d5 30. Nxd5 Rxd5 31. Qxf4 Qa5 32. Qe4 Qb5 33. Qc4 Qa5 34. Re8+ Kg7 35. Qc3+ Qxc3 36. bxc3 Rd2 37. Re2 Rd1+ 38. Re1 Rd2 39. Rc1 Bf6 40. Ke1 Bxc3 41. Kf1 Bb2 42. Re1 Kf8 43. Rg4 f5 44. Rc4 Kf7 45. Kg2 Bf6 46. Kg3 g5 47. Kg2 Rd6 48. Rc5 Kg6 49. Ra5 Bc3 50. Rae5 Bxe1 51. Rxe1 Kf6 52. Kf1 Rd2 53. Re2 Rxe2 54. Kxe2 Ke6 55. Ke3 Ke5 56. Ke2 a5 57. c3 b5 58. Ke3 a4 59. bxa4 bxa4 0-1

[Event "GER-ch U12"]
[Site "Willingen"]
[Date "2008.05.12"]
[Round "4"]
[White "Ewert, Paul"]
[Black "Bajorski, Maria Sophie"]
[Result "0-1"]
[WhiteElo "1329"]
[BlackElo "1211"]
[PlyCount "100"]
[EventDate "2008.05.11"]
[EventType "swiss"]
[EventRounds "11"]
[EventCountry "GER"]
[SourceTitle "CBM 124 Extra"]
[Source "ChessBase"]
[SourceDate "2008.07.03"]
[SourceVersion "1"]
[SourceVersionDate "2008.07.03"]
[SourceQuality "1"]

1. e4 e5 2. Nf3 Nc6 3. d4 exd4 4. Nxd4 Bc5 5. Be3 Qf6 6. c3 Nge7 7. Bc4 0-0 8. 0-0 d6 9. f3 Be6 10. Be2 d5 11. Kh1 Bb6 12. Nxe6 fxe6 13. Bxb6 axb6 14. Nd2 Ng6 15. Re1 Nf4 16. Bb5 Qg6 17. Rg1 Rf6 18. exd5 exd5 19. g3 Nh3 20. Rg2 Ne5 21. Be2 Raf8 22. Qb3 Qf7 23. f4 Ng6 24. Bg4 Nhxf4 25. gxf4 Nxf4 26. Rf2 h5 27. Bf3 Nd3 28. Rff1 c6 29. Qxb6 h4 30. Qd4 Nf4 31. Rae1 h3 32. c4 Ne6 33. Qd3 dxc4 34. Qxc4 b5 35. Qc1 Nd4 36. Bg4 Qd5+ 37. Nf3 Nxf3 38. Qd1 Nd2+ 39. Bf3 Nxf3 40. Qxd5+ cxd5 41. Rd1 Nd2 42. Rfe1 Rf1+ 43. Rxf1 Rxf1+ 44. Rxf1 Nxf1 45. Kg1 Ne3 46. Kf2 d4 47. Ke2 Kf7 48. b3 Ng4 49. Kf3 Nxh2+ 50. Kf2 d3 0-1

[Event "GER-ch U10"]
[Site "Willingen"]
[Date "2007.05.30"]
[Round "7"]
[White "Buttgereit, Vincent"]
[Black "Bajorski, Maria Sophie"]
[Result "0-1"]
[WhiteElo "890"]
[BlackElo "1109"]
[PlyCount "36"]
[EventDate "2007.05.26"]
[EventType "swiss"]
[EventRounds "11"]
[EventCountry "GER"]
[SourceTitle "CBM 118 Extra"]
[Source "ChessBase"]
[SourceDate "2007.07.04"]
[SourceVersion "1"]
[SourceVersionDate "2007.07.04"]
[SourceQuality "1"]

1. e4 e5 2. Nf3 Nc6 3. Bc4 Nf6 4. Nc3 Nxe4 5. Nxe4 d5 6. Bb3 dxe4 7. d3 exf3 8. Qxf3 Qf6 9. Qd5 Be6 10. Qb5 Rb8 11. Be3 a6 12. Qa4 Bxb3 13. axb3 Bd6 14. 0-0 0-0 15. Qg4 Qg6 16. Qh4 Ne7 17. Bg5 Nf5 18. Qg4 h6 0-1

[Event "GER-ch U10"]
[Site "Willingen"]
[Date "2007.05.28"]
[Round "4"]
[White "Bajorski, Maria Sophie"]
[Black "Lagunow, Raphael"]
[Result "1-0"]
[WhiteElo "1109"]
[BlackElo "1683"]
[PlyCount "59"]
[EventDate "2007.05.26"]
[EventType "swiss"]
[EventRounds "11"]
[EventCountry "GER"]
[SourceTitle "CBM 118 Extra"]
[Source "ChessBase"]
[SourceDate "2007.07.04"]
[SourceVersion "1"]
[SourceVersionDate "2007.07.04"]
[SourceQuality "1"]

1. e4 c5 2. c3 Nf6 3. e5 Nd5 4. d4 cxd4 5. cxd4 d6 6. Nf3 Nc6 7. Bc4 dxe5 8. dxe5 Nb6 9. Qxd8+ Nxd8 10. Bb3 Be6 11. Bxe6 Nxe6 12. Nc3 g6 13. Be3 Nc4 14. 0-0-0 Bg7 15. Nd5 Nxe5 16. Ng5 Rc8+ 17. Kb1 Nc4 18. Nc3 Nxb2 19. Nxe6 fxe6 20. Kxb2 Rxc3 21. Bxa7 0-0 22. Rhe1 Rxf2+ 23. Bxf2 Rf3+ 24. Bd4 Rf2+ 25. Kb3 Rxg2 26. Bc5 Rxh2 27. Rf1 Rb2+ 28. Ka3 e5 29. Rd8+ Bf8 30. Rfxf8+ 1-0

[Event "GER-ch U10"]
[Site "Willingen"]
[Date "2007.05.28"]
[Round "5"]
[White "Pixa, Richard"]
[Black "Bajorski, Maria Sophie"]
[Result "1-0"]
[WhiteElo "1290"]
[BlackElo "1109"]
[PlyCount "93"]
[EventDate "2007.05.26"]
[EventType "swiss"]
[EventRounds "11"]
[EventCountry "GER"]
[SourceTitle "CBM 118 Extra"]
[Source "ChessBase"]
[SourceDate "2007.07.04"]
[SourceVersion "1"]
[SourceVersionDate "2007.07.04"]
[SourceQuality "1"]

1. e4 c5 2. Nf3 e6 3. d4 cxd4 4. Nxd4 d6 5. Nc3 Nf6 6. f3 Be7 7. Be3 a6 8. Qd2 Nbd7 9. 0-0-0 Qc7 10. Kb1 b5 11. h4 Ne5 12. g4 Bd7 13. h5 Rb8 14. g5 b4 15. Nce2 Nc4 16. Qc1 Ng8 17. f4 a5 18. f5 e5 19. Nf3 Ba4 20. Bd2 Rc8 21. b3 Na3+ 22. Kb2 Bb5 23. c4 Qd7 24. Ng3 f6 25. Be2 Bd8 26. g6 h6 27. Nf1 Bb6 28. Ne3 Ne7 29. Be1 0-0 30. Qd2 Rfd8 31. cxb5 Bxe3 32. Qxe3 Rc2+ 33. Ka1 Rdc8 34. Bd2 R2c3 35. Qf2 Qc7 36. b6 Qc6 37. b7 Rb8 38. Rc1 Nc2+ 39. Kb2 Rxb3+ 40. axb3 Rxb7 41. Rxc2 Qxe4 42. Rhc1 Rb8 43. Qa7 Re8 44. Qxe7 Rf8 45. Rc8 Qb1+ 46. Kxb1 e4 47. Rxf8# 1-0